Les acteurs de Plus belle la vie (rôles principaux) - Statistiques

Statistiques générales
  • Ce quiz a été pris 243 fois
  • Le résultat moyen est 18 sur 24
Statistiques - réponses
Hint Extra Hint Réponse % Correct
Thomas Marci 18 saisons Laurent Kérusoré
92%
Mélanie Rinato 14 saisons Laëtitia Milot
91%
Roland Marci 18 saisons Michel Cordes
91%
Luna Torres 18 saisons Anne Décis
89%
Johanna Marci 13 saisons Dounia Coesens
87%
Mirta Torres 18 saisons Syvlie Flepp
86%
Blanche Marci 18 saisons Cécilia Hornus
85%
Céline Frémont 18 saisons Rebecca Hampton
83%
Ninon Chaumette 12 saisons Aurélie Vaneck
80%
Aicha Djellal 1 saison Iblissem Guerda
80%
Nathan Leserman 17 saisons Thibaud Vaneck
80%
Juliette Frémont 5 saisons Juliette Chêne
77%
Charles Frémont 18 saisons Alexandre Fabre
76%
Rudy Torres 11 saisons Ambroise Michel
76%
Léo Castelli 16 saisons Pierre Martot
74%
Guillaume Leserman 14 saisons Virgile Bayle
69%
Vincent Chaumette 5 saisons Serge Dupire
68%
Rachel Lévy 5 saisons Colette Renard
66%
Charlotte Le Bihac 18 saisons Hélène Médigue
66%
Malik Nassri 4 saisons Sofiane Belmouden
66%
Antoine Frémont 1 saison Alexandre Pottier
62%
François Marci 5 saisons Thierry Ragueneau
58%
Lucas Marci 3 saisons Geoffrey Sauveaux
49%
Charles-Henri Picmal 3 saisons Richard Guedj
45%
Aucun quiz correspondant
Distribution des résultats
% des personnes avec chaque résultat
Percentile par nombre de réponses
Votre historique - résultats
Vous n’avez pas pris ce quiz